000 00306nam a22001217a 4500
008 160510b xxu||||| |||| 00| 0 eng d
020 _a9780495012030
020 _a0495012033
041 _aeng
080 _a547
245 _aFundamentals of organic chemistry:
_cJohn McMurry;Eric Simanek;
942 _2udc
_cBK
999 _c1939
_d1939